Online
Catalog

Was dir nicht angehort / (Record no. 949)

MARC details
000 -CABECERA
campo de control de longitud fija 00516cam a2200169 a 4500
001 - NÚMERO DE CONTROL
campo de control 000000960
005 - FECHA Y HORA DE LA ÚLTIMA TRANSACCIÓN
campo de control 20200929145443.0
008 - DATOS DE LONGITUD FIJA--INFORMACIÓN GENERAL
campo de control de longitud fija 751219s1964 nyu 000 0 ger
040 ## - FUENTE DE LA CATALOGACIÓN
Centro catalogador/agencia de origen DO-SdBNP
Lengua de catalogación spa
Centro/agencia transcriptor BNPHU
082 ## - NÚMERO DE LA CLASIFICACIÓN DECIMAL DEWEY
Número de clasificación ss
Número de documento/Ítem H376w
100 1# - ENTRADA PRINCIPAL--NOMBRE DE PERSONA
Nombre de persona Hausmann, Manfred,
Fechas asociadas al nombre 1898-
9 (RLIN) 3384
245 10 - MENCIÓN DE TÍTULO
Título Was dir nicht angehort /
Mención de responsabilidad, etc. edited by Paul Krauss.
260 ## - PUBLICACIÓN, DISTRIBUCIÓN, ETC.
Lugar de publicación, distribución, etc. New York :
Nombre del editor, distribuidor, etc. Holt, Rinehart and Winston,
Fecha de publicación, distribución, etc. 1964.
300 ## - DESCRIPCIÓN FÍSICA
Extensión 158, xxxvi p. ;
Dimensiones 17 cm.
650 #4 - PUNTO DE ACCESO ADICIONAL DE MATERIA--TÉRMINO DE MATERIA
Término de materia o nombre geográfico como elemento de entrada Lenguas germánicas
9 (RLIN) 3385
650 #4 - PUNTO DE ACCESO ADICIONAL DE MATERIA--TÉRMINO DE MATERIA
Término de materia o nombre geográfico como elemento de entrada Alemán
Subdivisión general Lectores
9 (RLIN) 3386
Holdings
Estado de retiro Estado de pérdida Restricciones de uso No para préstamo Código de colección Localización permanente Ubicación/localización actual Ubicación en estantería Fecha de adquisición Número de inventario Total de préstamos Signatura topográfica completa Código de barras Fecha visto por última vez Precio válido a partir de Tipo de ítem Koha
    Préstamo interno Préstamo en sala Dominicana de Servicio Biblioteca Nacional Pedro Henríquez Ureña Biblioteca Nacional Pedro Henríquez Ureña Depósito 08.08.2009 LF1   430 H376w 960-10 25.06.2020 25.06.2020 Libros y folletos

Powered by Koha